000 00514nam a2200145Ia 4500
008 151213s9999 xx 000 0 und d
100 _a‘১ম খন্ড।
245 _aদিলওয়ারের রচনা সমগ্র।
_c‘১ম খন্ড।
260 _aসিলেট।
_bসেীরব ডিজাইন্ পিন্টিং।
_c1998
300 _a8789 p.
650 _aBangla
650 _aরচনা সমগ্র
700 _a‘১ম খন্ড।
999 _c4574
_d4574